<?xml version="1.0" encoding="UTF-8"?>
<record
    xmlns:xsi="http://www.w3.org/2001/XMLSchema-instance"
    xsi:schemaLocation="http://www.loc.gov/MARC21/slim http://www.loc.gov/standards/marcxml/schema/MARC21slim.xsd"
    xmlns="http://www.loc.gov/MARC21/slim">

  <leader>00557cam a22001932a 4500</leader>
  <controlfield tag="001">  023313</controlfield>
  <controlfield tag="003">  AR-FADEU</controlfield>
  <controlfield tag="008">  311216n1966####xxu####################dd</controlfield>
  <datafield tag="092" ind1=" " ind2=" ">
    <subfield code="a">301</subfield>
    <subfield code="b">P267s</subfield>
    <subfield code="e">BDT</subfield>
  </datafield>
  <datafield tag="100" ind1=" " ind2=" ">
    <subfield code="a">Parsons, Talcott</subfield>
  </datafield>
  <datafield tag="245" ind1=" " ind2=" ">
    <subfield code="a">El sistema social</subfield>
  </datafield>
  <datafield tag="260" ind1=" " ind2=" ">
    <subfield code="a">Madrid</subfield>
  </datafield>
  <datafield tag="260" ind1=" " ind2=" ">
    <subfield code="b">Revista de occidente</subfield>
  </datafield>
  <datafield tag="260" ind1=" " ind2=" ">
    <subfield code="c">1966</subfield>
  </datafield>
  <datafield tag="300" ind1=" " ind2=" ">
    <subfield code="a">569 p</subfield>
  </datafield>
  <datafield tag="440" ind1=" " ind2=" ">
    <subfield code="a">Biblioteca de pol&#xED;tica y sociolog&#xED;a</subfield>
  </datafield>
  <datafield tag="650" ind1=" " ind2=" ">
    <subfield code="a">ESTRUCTURA SOCIAL; SISTEMA SOCIAL-CONDUCTA DESVIADA; IDEOLOGIA; SISTEMA RELIGIOSO; SIMBOLO; SOCIALIZACION/BDT/</subfield>
  </datafield>
  <datafield tag="942" ind1=" " ind2=" ">
    <subfield code="c">BDT</subfield>
  </datafield>
  <datafield tag="999" ind1=" " ind2=" ">
    <subfield code="c">29003</subfield>
    <subfield code="d">29003</subfield>
  </datafield>
  <datafield tag="952" ind1=" " ind2=" ">
    <subfield code="0">0</subfield>
    <subfield code="1">0</subfield>
    <subfield code="4">0</subfield>
    <subfield code="7">0</subfield>
    <subfield code="8">BDT</subfield>
    <subfield code="a">AR-FADEU</subfield>
    <subfield code="b">AR-FADEU</subfield>
    <subfield code="c">BDT</subfield>
    <subfield code="d">2017-02-22</subfield>
    <subfield code="i">20315</subfield>
    <subfield code="l">0</subfield>
    <subfield code="o">301 P267s</subfield>
    <subfield code="p">20315</subfield>
    <subfield code="r">2017-02-22 00:00:00</subfield>
    <subfield code="w">2017-02-22</subfield>
    <subfield code="y">BDT</subfield>
  </datafield>
</record>
